ADVANCED MATH QUIZ #1 - Statistics

General Stats
  • This quiz has been taken 127 times
  • The average score is 3 of 10
Answer Stats
Question Answer % Correct
Which of the following ordered pairs is NOT a solution to the following inequality: 3x ≥ y -1 (3,11)
78%
Which of the following equations has exactly one real solution 3(x^2) + 6x + 3 = 0
67%
p(x) = |2x-5|, what is the value of p(2) + p(-2)? 10
44%
For i = √(-1) which of the following is equivalent to (5-i)(2+6i) 16 + 28i
44%
A graph represents the function f(x) = a(x^2) + c with a global extrema of (0,1). This function includes the point (2,6). If g(x) = 2f(x) and g(x) include the point (2,b), what is the value of b 12
33%
Which of the following is NOT a solution to the equation sin(x) = sin^2 (x) -Pi/2
33%
a is 8% of b, and b is 150 % greater than c. If c is 15, what is the value of a: 3
11%
What value of x satisfies the following equation: √(5x-4) = 2x-4 Both of the above
11%
Which of the following expressions is NOT equivalent to the others 4^√(16x^2) < (Fourth root of 16x^2)
0%
y + 3 = 2x^2 - 5 and y - 3 = 6x x > 0 What value of x satisfies the system of equation above" 6
0%
No matching quizzes found
Score Distribution
Percent of People with Each Score
Percentile by Number Answered
Your Score History
You have not taken this quiz